Five essays on philosophy / (Record no. 41862)

MARC details
000 -LEADER
fixed length control field 00694nam a22002057a 4500
005 - DATE AND TIME OF LATEST TRANSACTION
control field 20100814095637.0
010 ## - LCCN (DPL NO)
LC control number ENG-100429
020 ## - INTERNATIONAL STANDARD BOOK NUMBER
Terms of availability 45.00
International Standard Book Number 9788190631099
035 ## - SYSTEM CONTROL NUMBER
System control number EN-83962
037 ## - SOURCE OF ACQUISITION
Stock number DBAD/PUB
082 ## - DEWEY DECIMAL CLASSIFICATION NUMBER
Classification number 181.49
100 ## - MAIN ENTRY--PERSONAL NAME
Personal name Mao Tse-tung
245 ## - TITLE STATEMENT
Title Five essays on philosophy /
Remainder of title by Mao Tse-tung
260 ## - PUBLICATION, DISTRIBUTION, ETC. (IMPRINT)
Place of publication, distribution, etc Lucknow
Name of publisher, distributor, etc Rahul Foundation
Date of publication, distribution, etc 2008
270 ## - ADDRESS
Address 69, Baba Ka Purwa, Paper Mill Road, Nishatgunj
City Lucknow
Postal code 226006
300 ## - PHYSICAL DESCRIPTION
Extent 126 p.
Dimensions 22cm (Pbk)
700 ## - ADDED ENTRY--PERSONAL NAME
9 (RLIN) 12834
942 ## - ADDED ENTRY ELEMENTS (KOHA)
Source of classification or shelving scheme Dewey Decimal Classification
Item type English Books
Classification part 181.49
Call number suffix MAO
Holdings
Withdrawn status Lost status Not for loan Collection code Home library Current library Date acquired Cost, normal purchase price Full call number Barcode Copy number Cost, replacement price Koha item type
    Not For Loan Non-fiction D.B.Act.Division D.B.Act.Division 14/08/2010 45.00 181.49 MAO EN-83962 1 45.00 English Books

© Delhi Public Library
Hit Counter
free hit counter